Library Banner

Handbook of African American psychology / (Record no. 117369)

MARC details
000 -LEADER
fixed length control field 00662cam a22002054a 4500
001 - CONTROL NUMBER
control field 15303225
005 - DATE AND TIME OF LATEST TRANSACTION
control field 20200513124857.0
008 - FIXED-LENGTH DATA ELEMENTS--GENERAL INFORMATION
fixed length control field 080522s2009 caua bf 001 0 eng
020 ## - INTERNATIONAL STANDARD BOOK NUMBER
International Standard Book Number 9781412956871 (cl : hc : acidfree paper)
040 ## - CATALOGING SOURCE
Transcribing agency PK-LaUMT
082 00 - DEWEY DECIMAL CLASSIFICATION NUMBER
Classification number 155.8496073
Edition number 22
Item number HAN-
245 00 - TITLE STATEMENT
Title Handbook of African American psychology /
Statement of responsibility, etc edited by Helen A. Neville, Brendesha M. Tynes and Shawn O. Utsey
260 ## - PUBLICATION, DISTRIBUTION, ETC. (IMPRINT)
Place of publication, distribution, etc Los Angeles :
Name of publisher, distributor, etc Sage,
Date of publication, distribution, etc 2009
300 ## - PHYSICAL DESCRIPTION
Extent xxiv, 560 p. :
Other physical details ill. ;
Dimensions 26 cm.
650 #0 - SUBJECT ADDED ENTRY--TOPICAL TERM
Topical term or geographic name as entry element African Americans
General subdivision Psychology
700 1# - ADDED ENTRY--PERSONAL NAME
Personal name Neville, Helen A.
700 1# - ADDED ENTRY--PERSONAL NAME
Personal name Tynes, Brendesha M.
700 1# - ADDED ENTRY--PERSONAL NAME
Personal name Utsey, Shawn O.
942 ## - ADDED ENTRY ELEMENTS (KOHA)
Koha item type Books
Holdings
Withdrawn status Lost status Damaged status Home library Current library Date acquired Full call number Barcode Date last seen Price effective from Koha item type
      UMT Main Campus UMT Main Campus 2020-05-13 155.8496073 HAN- 133201 2020-05-13 2020-05-13 Books